NBA Players Who Played For Lakers - Statistics

General Stats
  • This quiz has been taken 172 times
  • The average score is 11 of 19
Answers on the Grid
Answers color-coded by a green-red scale on the quiz's grid according to % correct below.
Kobr Bryant
Jeremy Lin
Brook Lopez
Rui Hachimura
Jason Kidd
Karl Malone
Aaron Gordan
Ben Simmons
Derek Fisher
Chris Paul
Magic Johnson
D'Angelo Russell
Laguentz Dort
Blake Griffen
Gary Payton
Austin Reaves
Michael Cooper
Dwight Howard
Luka Doncic
Marc Gasol
LaMelo Ball
Russell Westbrook
Lauri Markkenen
Cam Thomas
Jordan Clarkson
Kevin Garnett
Kris Middleton
LeBron James
Pau Gasol
Norman Powell
Isaiah Thomas
John Stockton
Moses Moody
Kobe Bryant
Jordan Poole
 
Answer Stats
Answer % Correct
Kobr Bryant
90%
Magic Johnson
80%
Rui Hachimura
80%
Austin Reaves
78%
D'Angelo Russell
78%
Jeremy Lin
76%
Derek Fisher
70%
Luka Doncic
69%
Karl Malone
67%
Dwight Howard
58%
Kobe Bryant
52%
Brook Lopez
51%
LeBron James
51%
Pau Gasol
50%
Gary Payton
46%
Russell Westbrook
43%
Michael Cooper
40%
Jordan Clarkson
31%
Isaiah Thomas
11%
No matching quizzes found
Score Distribution
Percent of People with Each Score
Percentile by Number Answered
Your Score History
You have not taken this quiz